000 00775nam a2200253Ia 4500
003 OSt
005 20220918171210.0
006 a|||||r|||| 00| 0
007 ta
008 220917b |||||||| |||| 00| 0 eng d
020 _a9781408810637 (pbk)
_c499
024 _a264,343
037 _b124/2012-13, 11/10/2012, Pioneer Book Distributors
_cTextual
040 _aARTS
_cARTS
_beng
041 _2eng
_aeng
082 _aO111,3N761,PE, Q1
100 _aKelman Stephen
_934700
245 0 _aPigeon English
260 _aLondon
_bBoomsbury UK
_c2011
300 _a263p.
_ccm.
650 _aENGLISH LITERATURE
942 _hO111,3N761,PE, Q1
_cTEXL
_2CC
999 _c138278
_d138278